000 01043nam a2200265Ia 4500
003 OSt
005 20220923211513.0
006 a|||||r|||| 00| 0
007 ta
008 220922b |||||||| |||| 00| 0 hin d
020 _a9789380190520 (hbk)
_c400
024 _a261,168
037 _b233, 29/09/2011, Eastern Book Linkers
_cTextual
040 _aARTS
_cARTS
_bhin
041 _2hin
_ahin
082 _aY:1.2'A, 152Q1
100 _aगुप्ता, दीपा
245 0 _aवैदिकयुगीन सामाजिक, आर्थिक एवं धार्मिक जीवन
246 _aVaidikayugīn sāmājika, ārthik evan dhārmik jīvana
260 _aनई दिल्ली
_b सत्यम् पब्लिशिंग हाउस
_c2011
300 _a129पृ.
_ccm.
650 _aभारतीय-लोक साहित्य
942 _hY:1.2'A, 152Q1
_cTEXL
_2CC
999 _c300215
_d300215